| 000 | 00736nam a2200205Ii 4500 | ||
|---|---|---|---|
| 003 | JO-AjNU | ||
| 008 | 230605s9999||||xx |||||||||||||| ||und|| | ||
| 040 |
_aJO-AjNU _bara _erda _cJO-AjNU |
||
| 041 | _aara | ||
| 050 | 1 | 4 | _aBP130.73.Q343 2004 |
| 100 | 3 |
_aالقلقيلي، محمد عادل, _eauthor _915958 |
|
| 245 | 0 | 0 | _aمن نواحي الإعجاز القرآني: السور القرآنية ذات الحروف ( ن، ص، ق، يس) |
| 250 | _aط1 | ||
| 264 | 3 | 1 | _aعمان: دار عمار للنشر والتوزيع، 2004 |
| 300 | _a125ص | ||
| 336 |
_atext _btxt _2rdacontent |
||
| 337 |
_aunmediated _bn _2rdamedia |
||
| 338 |
_avolume _bnc _2rdacarrier |
||
| 650 | 4 |
_aالقران الكريم - الاعجاز _915959 |
|
| 999 |
_aA4625 _c8193 _d8193 |
||